000 01208nam a22003497a 4500
003 CHAP
005 20220329134223.0
008 971013s1988 r 00010 d
010 _a17168
011 _a18140
035 _a22224
040 _cCHAP
090 _aTesis
100 0 0 _aJiménez Murillo, José Alfredo.
_961613
245 _aDiseño y simulación del circuito de control para una etiquetadora (DYSCCE)
260 _aChapingo, Méx., El autor,
_c1988
300 _a119 h
502 _aTesis (M.C. Esp. en Estadística y Cálculo) -- Colegio Postgraduados. Centro de Estadística y Cálculo
590 _aALEPH
_b10
_c20130110
_lUCH01
_h1240
590 _aBATCH-UPD
_b10
_c20130109
_lUCH01
_h2335
590 _aBATCH-UPD
_b10
_c20130110
_lUCH01
_h2137
590 _aBATCH-UPD
_b10
_c20130409
_lUCH01
_h1902
590 _aBATCH-UPD
_b10
_c20130410
_lUCH01
_h1446
590 _aBATCH-UPD
_b10
_c20130914
_lUCH01
_h0940
590 _aCONVERSION
_b10
_c20130109
_lUCH01
_h1311
650 1 4 _aAlgebra booleana.
_93958
650 1 4 _aCircuitos lógicos.
_923359
901 _aBK
942 _cFOLL
949 _bBC
_cTES
_d-52037
_eTS1
_h20683
_i22224
_si
949 _bBC
_cTES
_d-52038
_eTS2
_fc.2
_h20684
_i22224
_si
999 _c17168
_d17168